000 00464nam a22001697a 4500
005 20251108171249.0
008 250721s2003 xx 000 0 ara d
082 1 4 _aق/خري
100 1 _aخريس، سميحة
_eمؤلف
245 1 0 _aدفاتر الطوفان : رواية /
264 1 _aعمان :
_bأمانة عمان،
_c2003.
300 _a294 ص.
650 1 7 _aالقصص
650 1 7 _aالادب العربي
942 _2ddc
_cBK
999 _c60775
_d60775